Los romances de américa y otros estudios /

Guardado en:
Autor Principal: Menéndez Pidal, Ramón
Formato: Libro
Publicado: Buenos Aires : Espasa Calpe, 1948
Edición:5a. ed.
Materias:
Etiquetas: Agregar Etiqueta
Sin Etiquetas, Sea el primero en etiquetar este registro!
LEADER 00579nam a22002055a 4500
001 CEM.cems004313
005 20060216000000.0
008 130507s1948##################000#0#####d
003 CEMS
082 0 4 |a 861.04 
100 1 |a Menéndez Pidal, Ramón 
245 1 0 |a Los romances de américa y otros estudios / 
250 |a 5a. ed. 
260 |a Buenos Aires :  |b Espasa Calpe,  |c 1948 
300 |a 188 p. 
653 |a Literatura 
653 |a Literatura española 
653 |a Romancero 
653 |a Romances historicos 
859 |a CEMS  |b BIB. CEMS - 11 de abril  |h 861.04  |i M524-1a5  |p 9101.81  |t Ej.1